000 00494nam a2200205Ia 4500
003 LK-CoDNM
008 010623t1924 xxu||||| |||| 00| 1 sin d
040 _aLK-CoDNM
_dLK-CoDNM
_eLK-CoDNM
041 _asin
080 _a104 I 5
100 _aKanakaratna,A.D.S.
_eed.
245 _aස්වර්ණමාලි
246 _aSwarnamali
260 _bSri Lankodaya
_aMaradana
_c1924
300 _b68p, 21 cm
490 _vPart III
650 _aElara
650 _aGemunu
942 _cBK
999 _c92599
_d92599